|
|
|
|
| LEADER |
00000nam0a2200000 4500 |
| 001 |
152817 |
| 005 |
20231101221641.0 |
| 035 |
|
|
|a (RuTPU)RU\TPU\book\165685
|
| 090 |
|
|
|a 152817
|
| 100 |
|
|
|a 20090205d1960 k y0rusy50 ca
|
| 101 |
0 |
|
|a rus
|
| 102 |
|
|
|a RU
|
| 105 |
|
|
|a a z 001zy
|
| 200 |
1 |
|
|a Научный архив. Растворы
|f Д. И. Менделеев
|g Академия наук СССР (АН СССР), Институт истории естествознания и техники (ИИЕТ АН СССР)
|
| 210 |
|
|
|a Москва
|a Ленинград
|c Изд-во АН СССР
|d 1960
|
| 215 |
|
|
|a 179 с.
|c ил.
|
| 320 |
|
|
|a Библиография в примечаниях.
|
| 320 |
|
|
|a Библиогр. трудов Д. И. Менделеева по растворам: с. 168-171 (55 назв.)
|
| 606 |
1 |
|
|a Химики
|x Персоналии
|2 stltpush
|3 (RuTPU)RU\TPU\subj\69968
|9 84576
|
| 610 |
1 |
|
|a растворы
|
| 610 |
1 |
|
|a архив
|
| 610 |
1 |
|
|a кристаллогидраты
|
| 610 |
1 |
|
|a кристаллоаммикаты
|
| 610 |
1 |
|
|a подвижное равновесие
|
| 610 |
1 |
|
|a удельный вес
|
| 610 |
1 |
|
|a зависимость
|
| 610 |
1 |
|
|a объем
|
| 610 |
1 |
|
|a изменение
|
| 610 |
1 |
|
|a состав
|
| 610 |
1 |
|
|a серная кислота
|
| 610 |
1 |
|
|a спирт
|
| 610 |
1 |
|
|a исследования
|
| 675 |
|
|
|a 54(092)
|v 3
|
| 675 |
|
|
|a 544.355
|v 3
|
| 700 |
|
1 |
|a Менделеев
|b Д. И.
|c учёный-энциклопедист, химик, педагог
|c член-корреспондент Петербургской АН
|f 1834-1907
|g Дмитрий Иванович
|2 stltpush
|3 (RuTPU)RU\TPU\pers\1367
|9 609
|
| 712 |
0 |
2 |
|a Академия наук СССР (АН СССР)
|b Институт истории естествознания и техники (ИИЕТ АН СССР)
|c (Москва)
|2 stltpush
|3 (RuTPU)RU\TPU\col\8662
|
| 801 |
|
1 |
|a RU
|b 63413507
|c 20090205
|g PSBO
|
| 801 |
|
2 |
|a RU
|b 63413507
|c 20210601
|g RCR
|
| 942 |
|
|
|c BK
|